| 000 -ლიდერი |
| ფიქსირებული სიგრძის საკონტროლო ველი |
01324nam a22002177a 4500 |
| 003 - საკონტროლო ნომრის იდენტიფიკატორი |
| საკონტროლო ველი |
Ge_BSU |
| 005 - ბოლო ოპერაციის თარიღი და დრო |
| საკონტროლო ველი |
20230327161440.0 |
| 008 - ფიქსირებული სიგრძის მონაცემთა ელემენტები - ზოგადი ინფორმაცია |
| ფიქსირებული სიგრძის საკონტროლო ველი |
230327s2022 ge ||||| |||| 00| 0 geo d |
| 020 ## - წიგნის საერთაშორისო სტანდარტული ნომერი |
| International Standard Book Number |
9789941841552 |
| 041 ## - ენის კოდი |
| Language code of text/sound track or separate title |
geo |
| 080 ## - უნივერსალური ათობითი კლასიფიკაციის ინდექსი |
| Universal Decimal Classification number |
342.9(479.22)(076.5) ს-20 |
| 100 ## - მთავარი ჩანაწერი - პიროვნების სახელი |
| Personal name |
სალხინაშვილი, მაკა |
| 9 (RLIN) |
17287 |
| 245 ## - ცნობა სათაურის შესახებ |
| Title |
პრაქტიკუმი ზოგად ადმინისტრაციულ სამართალსა და ადმინისტრაციულ საპროცესო სამართალში / |
| Statement of responsibility, etc |
მაკა სალხინაშვილი; რედაქტორი ციალა ჩქარეული. |
| 264 ## - წარმოების, გამოცემის, დისტრიბუციის და სხვა ცნობები |
| გამოცემის, წარმოების, დისტრიბუციის... ადგილი |
[თბილისი], |
| გამოცემის, წარმოების, დისტრიბუციის... თარიღი |
2022. |
| 300 ## - ფიზიკური აღწერა |
| Extent |
282 გვ. ; |
| Other physical details |
20 სმ. |
| 500 ## - ზოგადი შენიშვნა |
| General note |
ეძღვნება შვილებს - ქეთი, ნუცა და მათე შუბლაძეებს. |
| 653 ## - INDEX TERM--UNCONTROLLED |
| Uncontrolled term |
საქართველოს ადმინისტრაციული სამართალი |
| 653 ## - INDEX TERM--UNCONTROLLED |
| Uncontrolled term |
საქართველოს ადმინისტრაციული საპროცესო სამართალი |
| 700 ## - ADDED ENTRY--PERSONAL NAME |
| Personal name |
ჩქარეული, ციალა |
| Relator term |
რედაქტორი |
| 9 (RLIN) |
17288 |
| 942 ## - ADDED ENTRY ELEMENTS (KOHA) |
| Source of classification or shelving scheme |
|
| Koha item type |
წიგნი |